[Event "Frankfurt-chA"]
[Site "Frankfurt"]
[Date "2016.06.13"]
[Round "7"]
[White "Breitwieser, Jasmin"]
[Black "Felmy, Benjamin"]
[Result "0-1"]
[WhiteElo "1940"]
[BlackElo "2075"]
[PlyCount "84"]
[EventDate "2016.04.25"]
[EventType "swiss"]
[EventRounds "9"]
[EventCountry "GER"]
[SourceTitle "EXT 2018"]
[Source "ChessBase"]
[SourceDate "2017.10.13"]
[SourceVersion "1"]
[SourceVersionDate "2017.10.13"]
[SourceQuality "1"]

1. d4 d5 2. c4 e6 3. cxd5 exd5 4. Nc3 c6 5. Nf3 Bf5 6. Bg5 Be7 7. Bxe7 Qxe7 8. e3 Nf6 9. Be2 Nbd7 10. Qa4 h6 11. b4 0-0 12. 0-0 a6 13. Qb3 b5 14. a4 Nb6 15. Ne5 Qd6 16. Ra2 Nfd7 17. Nxd7 Qxd7 18. Rfa1 Qb7 19. Bf3 Bd3 20. Rd2 Bc4 21. Qb1 Qe7 22. a5 Nd7 23. e4 Nf6 24. e5 Ne8 25. Qb2 Nc7 26. Re1 Ne6 27. g3 f5 28. Nd1 f4 29. Bg4 Ng5 30. Nc3 Rf7 31. h4 Ne6 32. Ne2 Raf8 33. Bh5 Rf5 34. Bg6 fxg3 35. Nxg3 Rf3 36. h5 Qg5 37. Qc1 Qg4 38. Qd1 Nf4 39. e6 Nxe6 40. Bf5 Rxg3+ 41. fxg3 Qxf5 42. g4 Qf6 0-1

[Event "Frankfurt-chA"]
[Site "Frankfurt"]
[Date "2015.06.15"]
[Round "7"]
[White "Stock, Juergen"]
[Black "Breitwieser, Jasmin"]
[Result "1/2-1/2"]
[WhiteElo "1867"]
[BlackElo "1925"]
[PlyCount "106"]
[EventDate "2015.04.27"]
[EventType "swiss"]
[EventRounds "7"]
[EventCountry "GER"]
[SourceTitle "EXT 2016"]
[Source "ChessBase"]
[SourceDate "2015.10.08"]
[SourceVersion "1"]
[SourceVersionDate "2015.10.08"]
[SourceQuality "1"]

1. d4 d5 2. e3 c5 3. c3 e6 4. f4 g6 5. Nf3 Bg7 6. Bd3 Nh6 7. Qe2 0-0 8. 0-0 b6 9. Nbd2 Bb7 10. Ng5 Qc8 11. g4 f6 12. Nh3 e5 13. Nf2 e4 14. Bb5 cxd4 15. exd4 Ba6 16. Bxa6 Qxa6 17. Re1 Qxe2 18. Rxe2 f5 19. g5 Nf7 20. Nd1 Nc6 21. Ne3 Ne7 22. Ndf1 Rac8 23. Nc2 Nd8 24. Kg2 Ne6 25. Kg3 Rc7 26. Nfe3 a5 27. Bd2 Nxg5 28. fxg5 f4+ 29. Kg4 fxe3 30. Nxe3 Rf3 31. Rf1 Rxf1 32. Nxf1 Nf5 33. Bf4 Rc8 34. Rd2 b5 35. Be5 b4 36. cxb4 axb4 37. Bxg7 Kxg7 38. Kf4 Nh4 39. Ne3 Nf3 40. Rd1 Rf8+ 41. Kg3 Ra8 42. Nxd5 Rxa2 43. Nf6 Nxg5 44. Ng4 Rxb2 45. Kf4 Nf3 46. Kxe4 Nxh2 47. Ne3 Re2 48. Kd3 Ra2 49. Rb1 Ra3+ 50. Ke4 b3 51. Rb2 Ra2 52. Rxb3 h5 53. d5 Rd2 1/2-1/2

[Event "Frankfurt-chA"]
[Site "Frankfurt"]
[Date "2015.06.08"]
[Round "6"]
[White "Breitwieser, Jasmin"]
[Black "Stricker, Konstantin"]
[Result "1-0"]
[WhiteElo "1925"]
[BlackElo "1666"]
[PlyCount "41"]
[EventDate "2015.04.27"]
[EventType "swiss"]
[EventRounds "7"]
[EventCountry "GER"]
[SourceTitle "EXT 2016"]
[Source "ChessBase"]
[SourceDate "2015.10.08"]
[SourceVersion "1"]
[SourceVersionDate "2015.10.08"]
[SourceQuality "1"]

1. d4 Nf6 2. c4 e6 3. Nc3 d5 4. cxd5 Nxd5 5. e4 Nf6 6. Bc4 c6 7. Nf3 Bb4 8. Qe2 0-0 9. 0-0 h6 10. Bf4 b6 11. Rfd1 Bb7 12. Rac1 Nbd7 13. a3 Be7 14. Ba2 Nh5 15. Be3 Nhf6 16. Ne5 Nxe5 17. dxe5 Nd7 18. Qg4 Bg5 19. f4 Be7 20. Bxe6 fxe6 21. Qxe6+ 1-0

[Event "Karl Mala Memorial op-A 17th"]
[Site "Frankfurt"]
[Date "2014.08.03"]
[Round "6"]
[White "Breitwieser, Jasmin"]
[Black "Reitz, Philipp"]
[Result "1-0"]
[WhiteElo "1931"]
[BlackElo "1780"]
[PlyCount "101"]
[EventDate "2014.07.31"]
[EventType "swiss"]
[EventRounds "7"]
[EventCountry "GER"]
[SourceTitle "EXT 2015"]
[Source "ChessBase"]
[SourceDate "2014.11.20"]
[SourceVersion "1"]
[SourceVersionDate "2014.11.20"]
[SourceQuality "1"]

1. d4 Nf6 2. c4 e6 3. Nf3 b6 4. g3 Bb7 5. Bg2 Be7 6. 0-0 0-0 7. Nc3 d5 8. cxd5 exd5 9. b3 Nbd7 10. Bb2 Ne4 11. Rc1 a6 12. e3 f5 13. Ne2 Bd6 14. Ne1 Re8 15. Nd3 Rc8 16. Rc2 Qe7 17. Qc1 Qf7 18. Ba3 Bxa3 19. Qxa3 Qe7 20. Qxe7 Rxe7 21. Rfc1 Ndf6 22. Ne5 c5 23. Nd3 Rec7 24. f3 Ng5 25. dxc5 Ne6 26. b4 Nd7 27. Nd4 Nxd4 28. exd4 bxc5 29. bxc5 Bc6 30. Nb4 a5 31. Nxc6 Rxc6 32. Rb1 Kf7 33. Rcb2 Nf6 34. Bf1 Re6 35. Kf2 g5 36. Rb7+ Kg6 37. g4 Rce8 38. Bb5 fxg4 39. Bxe8+ Rxe8 40. Rb8 Re7 41. Re1 Rf7 42. Rb6 Kg7 43. Re3 Ne4+ 44. Kg2 gxf3+ 45. Rxf3 Re7 46. c6 Nd6 47. Rf2 Rc7 48. Rc2 Kg6 49. Rc5 h6 50. Rxd5 Nf5 51. Rd7 1-0

[Event "Karl Mala Memorial op-A 17th"]
[Site "Frankfurt"]
[Date "2014.07.31"]
[Round "1"]
[White "Breitwieser, Jasmin"]
[Black "Milov, Leonid"]
[Result "0-1"]
[WhiteElo "1931"]
[BlackElo "2499"]
[PlyCount "52"]
[EventDate "2014.07.31"]
[EventType "swiss"]
[EventRounds "7"]
[EventCountry "GER"]
[SourceTitle "EXT 2015"]
[Source "ChessBase"]
[SourceDate "2014.11.20"]
[SourceVersion "1"]
[SourceVersionDate "2014.11.20"]
[SourceQuality "1"]

1. d4 Nf6 2. c4 c5 3. d5 a6 4. Nf3 d6 5. Qc2 g6 6. e4 Bg7 7. Nc3 e6 8. a4 0-0 9. Be2 exd5 10. cxd5 Bg4 11. Nd2 Bxe2 12. Nxe2 Nbd7 13. a5 Re8 14. 0-0 Nxd5 15. Nc4 Nb4 16. Qd2 Ne5 17. Nxd6 Re6 18. Rd1 Ned3 19. Nc4 Rxe4 20. Nb6 Rb8 21. Ng3 Rd4 22. Qe2 Nxc1 23. Raxc1 Nd3 24. Rb1 Nxb2 25. Rxd4 Qxd4 26. Nf1 c4 0-1

[Event "Berlin Lichtenberger op 11th"]
[Site "Berlin"]
[Date "2012.08.19"]
[Round "2"]
[White "Bruedigam, Martin"]
[Black "Breitwieser, Jasmin"]
[Result "1-0"]
[WhiteElo "2292"]
[BlackElo "1938"]
[PlyCount "41"]
[EventDate "2012.08.18"]
[EventType "swiss"]
[EventRounds "9"]
[EventCountry "GER"]
[SourceTitle "CBM 150 Extra"]
[Source "ChessBase"]
[SourceDate "2012.10.19"]
[SourceVersion "1"]
[SourceVersionDate "2012.10.19"]
[SourceQuality "1"]

1. e4 c5 2. Nf3 e6 3. c3 Nf6 4. e5 Nd5 5. d4 cxd4 6. cxd4 b6 7. Nc3 Nxc3 8. bxc3 Bb7 9. Bd3 Be7 10. 0-0 Qc7 11. Bb2 Nc6 12. Rc1 d6 13. c4 0-0 14. Re1 Rad8 15. d5 Nxe5 16. Nxe5 dxe5 17. Bxe5 Qd7 18. Bxh7+ Kxh7 19. Qh5+ Kg8 20. Bxg7 Kxg7 21. Rc3 1-0

[Event "Karl Mala Memorial op 13th"]
[Site "Frankfurt"]
[Date "2010.07.17"]
[Round "3"]
[White "Breitwieser, Jasmin"]
[Black "Zweschper, Erich"]
[Result "1/2-1/2"]
[WhiteElo "1868"]
[BlackElo "2128"]
[PlyCount "27"]
[EventDate "2010.07.08"]
[EventType "swiss"]
[EventRounds "7"]
[EventCountry "GER"]
[SourceTitle "EXT 2012"]
[Source "ChessBase"]
[SourceDate "2011.11.24"]
[SourceVersion "1"]
[SourceVersionDate "2011.11.24"]
[SourceQuality "1"]

1. d4 c5 2. e3 Nf6 3. Nf3 g6 4. Bd3 Bg7 5. 0-0 cxd4 6. exd4 0-0 7. c4 d5 8. Nc3 Nc6 9. Re1 Bg4 10. Be3 dxc4 11. Bxc4 Bxf3 12. Qxf3 Nxd4 13. Qxb7 Rc8 14. Bb3 1/2-1/2

[Event "Karl Mala Memorial op 13th"]
[Site "Frankfurt"]
[Date "2010.07.10"]
[Round "5"]
[White "Breitwieser, Jasmin"]
[Black "Reyer, Ulli"]
[Result "1/2-1/2"]
[WhiteElo "1868"]
[BlackElo "2188"]
[PlyCount "29"]
[EventDate "2010.07.08"]
[EventType "swiss"]
[EventRounds "7"]
[EventCountry "GER"]
[SourceTitle "EXT 2012"]
[Source "ChessBase"]
[SourceDate "2011.11.24"]
[SourceVersion "1"]
[SourceVersionDate "2011.11.24"]
[SourceQuality "1"]

1. d4 d5 2. c4 Nc6 3. Nf3 Bg4 4. e3 e5 5. dxe5 dxc4 6. Qa4 Bxf3 7. gxf3 Qd5 8. Be2 Bb4+ 9. Bd2 Bxd2+ 10. Nxd2 b5 11. Qc2 Qxe5 12. a4 Nb4 13. Qb1 c6 14. axb5 cxb5 15. Ra5 1/2-1/2

[Event "Karl Mala Memorial op 13th"]
[Site "Frankfurt"]
[Date "2010.07.09"]
[Round "2"]
[White "Steffen, Daniel"]
[Black "Breitwieser, Jasmin"]
[Result "0-1"]
[WhiteElo "1545"]
[BlackElo "1868"]
[PlyCount "66"]
[EventDate "2010.07.08"]
[EventType "swiss"]
[EventRounds "7"]
[EventCountry "GER"]
[SourceTitle "EXT 2012"]
[Source "ChessBase"]
[SourceDate "2011.11.24"]
[SourceVersion "1"]
[SourceVersionDate "2011.11.24"]
[SourceQuality "1"]

1. f4 d5 2. Nf3 c5 3. e3 g6 4. Be2 Bg7 5. 0-0 Nf6 6. b3 0-0 7. Bb2 Nc6 8. Bb5 Qb6 9. Bxc6 Qxc6 10. Qe1 b5 11. a4 b4 12. d3 a5 13. Nbd2 Ba6 14. Rb1 Nd7 15. Bxg7 Kxg7 16. e4 e6 17. Qf2 Kg8 18. Rfe1 c4 19. exd5 exd5 20. dxc4 dxc4 21. Ne5 Nxe5 22. Rxe5 cxb3 23. cxb3 Rfe8 24. Rc5 Qd6 25. Nc4 Bxc4 26. Rxc4 Rad8 27. Qc5 Qd3 28. Rcc1 Re2 29. Qxa5 Qd2 30. Qg5 Rde8 31. Qg3 R8e3 32. Rd1 Rxg3 33. Rxd2 Rgxg2+ 0-1

[Event "Karl Mala Memorial op 13th"]
[Site "Frankfurt"]
[Date "2010.07.08"]
[Round "1"]
[White "Breitwieser, Jasmin"]
[Black "Klundt, Klaus"]
[Result "0-1"]
[WhiteElo "1868"]
[BlackElo "2347"]
[PlyCount "118"]
[EventDate "2010.07.08"]
[EventType "swiss"]
[EventRounds "7"]
[EventCountry "GER"]
[SourceTitle "EXT 2012"]
[Source "ChessBase"]
[SourceDate "2011.11.24"]
[SourceVersion "1"]
[SourceVersionDate "2011.11.24"]
[SourceQuality "1"]

1. d4 Nf6 2. Nf3 d5 3. c4 c6 4. cxd5 cxd5 5. Nc3 Nc6 6. Bf4 Bf5 7. e3 e6 8. Qb3 Bb4 9. Bb5 0-0 10. Bxc6 Bxc3+ 11. Qxc3 Rc8 12. Ne5 Ng4 13. Nxg4 Bxg4 14. Qa3 Rxc6 15. 0-0 Qb6 16. Rac1 Rfc8 17. Rxc6 Rxc6 18. Qe7 Rc8 19. Qg5 Bf5 20. Be5 Bg6 21. Qg4 Qxb2 22. h4 Qc2 23. Qh3 h5 24. g4 hxg4 25. Qxg4 Qf5 26. Qxf5 Bxf5 27. Kg2 f6 28. Bd6 Kf7 29. Kg3 Rc6 30. Bb4 b6 31. h5 a5 32. Ba3 Rc2 33. Ra1 b5 34. Bc5 e5 35. Bb6 a4 36. a3 Bd3 37. Bc5 Ke6 38. Rh1 Rc3 39. h6 gxh6 40. Rxh6 Kf7 41. Kh2 Be4 42. Rh8 exd4 43. exd4 Rf3 44. Kg1 Ke6 45. Rb8 Kf5 46. Rxb5 Rh3 47. f3 Rxf3 48. Rb6 Kg4 49. Be7 f5 50. Rg6+ Kh5 51. Rg5+ Kh6 52. Rg2 Rd3 53. Rh2+ Kg6 54. Bc5 f4 55. Rf2 Kf5 56. Kf1 Bf3 57. Kg1 Kg4 58. Rb2 Kg3 59. Rb1 Rd2 0-1

[Event "GER-chT DLM U20"]
[Site "Wismar"]
[Date "2009.10.03"]
[Round "6"]
[White "Breitwieser, Jasmin"]
[Black "Stanau, Guido"]
[Result "0-1"]
[WhiteElo "1866"]
[BlackElo "1763"]
[PlyCount "64"]
[EventDate "2009.09.30"]
[EventType "team-swiss"]
[EventRounds "7"]
[EventCountry "GER"]
[SourceTitle "CBM 132 Extra"]
[Source "ChessBase"]
[SourceDate "2009.11.03"]
[SourceVersion "1"]
[SourceVersionDate "2009.11.03"]
[SourceQuality "1"]
[WhiteTeam "Hessen U20"]
[BlackTeam "Hamburg U20"]
[WhiteTeamCountry "GER"]
[BlackTeamCountry "GER"]

1. e4 c5 2. Nf3 d6 3. d4 cxd4 4. Nxd4 Nf6 5. Nc3 g6 6. Be3 Bg7 7. f3 0-0 8. Qd2 Nc6 9. 0-0-0 d5 10. exd5 Nxd5 11. Nxc6 bxc6 12. Bd4 e5 13. Bc5 Be6 14. Bxf8 Qxf8 15. Kb1 Rb8 16. Nxd5 cxd5 17. Qa5 e4 18. b3 Rc8 19. fxe4 Bc3 20. Qa4 Rc7 21. exd5 Bd7 22. Qf4 Qa3 23. Qc1 Qa5 24. Bd3 Qb6 25. h4 Bg7 26. Be4 Qf6 27. c3 Rxc3 28. Qd2 Rc2 29. Kxc2 Qb2+ 30. Kd3 Bb5+ 31. Ke3 Bh6+ 32. Kf3 Bxd2 0-1

[Event "GER-chT DLM U20"]
[Site "Wismar"]
[Date "2009.10.01"]
[Round "3"]
[White "Breitwieser, Jasmin"]
[Black "Pauly, Carlo"]
[Result "0-1"]
[WhiteElo "1866"]
[BlackElo "2032"]
[PlyCount "72"]
[EventDate "2009.09.30"]
[EventType "team-swiss"]
[EventRounds "7"]
[EventCountry "GER"]
[SourceTitle "CBM 132 Extra"]
[Source "ChessBase"]
[SourceDate "2009.11.03"]
[SourceVersion "1"]
[SourceVersionDate "2009.11.03"]
[SourceQuality "1"]
[WhiteTeam "Hessen U20"]
[BlackTeam "Nordrhein Westfalen U20"]
[WhiteTeamCountry "GER"]
[BlackTeamCountry "GER"]

1. e4 c5 2. Nf3 d6 3. Nc3 Nf6 4. g3 Nc6 5. Bg2 g6 6. 0-0 Bg7 7. d3 0-0 8. Ne2 d5 9. exd5 Nxd5 10. Rb1 e5 11. h4 h6 12. Nd2 Bg4 13. Nc4 b6 14. f3 Be6 15. Kh2 Rc8 16. a3 f5 17. Bh3 Qe7 18. Ne3 Nd4 19. Bd2 a5 20. Nxd5 Bxd5 21. Nxd4 cxd4 22. c4 dxc3 23. bxc3 Qxa3 24. Rxb6 Rf6 25. Rxf6 Bxf6 26. c4 Bc6 27. Bxh6 Rd8 28. h5 Rxd3 29. Qb1 Rb3 30. Qa1 Qxa1 31. Rxa1 e4 32. Rxa5 Rb2+ 33. Kh1 exf3 34. Bf1 Rb1 35. Kh2 Rxf1 36. Ra6 f2 0-1

[Event "Karl Mala Memorial op 12th"]
[Site "Frankfurt"]
[Date "2009.07.19"]
[Round "7"]
[White "Reichel, Rolf"]
[Black "Breitwieser, Jasmin"]
[Result "0-1"]
[WhiteElo "1705"]
[BlackElo "1856"]
[PlyCount "46"]
[EventDate "2009.07.16"]
[EventType "swiss"]
[EventRounds "7"]
[EventCountry "GER"]
[SourceTitle "EXT 2010"]
[Source "ChessBase"]
[SourceDate "2010.11.25"]
[SourceVersion "1"]
[SourceVersionDate "2010.11.25"]
[SourceQuality "1"]

1. e4 c5 2. d4 cxd4 3. Qxd4 Nc6 4. Qd1 Nf6 5. Nc3 e6 6. Nf3 d6 7. Bb5 Bd7 8. 0-0 Be7 9. Re1 0-0 10. Be3 a6 11. Bf1 b5 12. Bf4 Bc8 13. Qd2 b4 14. Na4 e5 15. Bg5 Bg4 16. Bxf6 Bxf6 17. Qd5 Ne7 18. Qd3 Ng6 19. Red1 Be7 20. Qe3 a5 21. Nb6 Bxf3 22. Nxa8 Bxd1 23. Nb6 Bg5 0-1

[Event "Karl Mala Memorial op 12th"]
[Site "Frankfurt"]
[Date "2009.07.18"]
[Round "5"]
[White "Breitwieser, Jasmin"]
[Black "Diyap, Murat"]
[Result "1-0"]
[WhiteElo "1856"]
[BlackElo "1661"]
[PlyCount "80"]
[EventDate "2009.07.16"]
[EventType "swiss"]
[EventRounds "7"]
[EventCountry "GER"]
[SourceTitle "EXT 2010"]
[Source "ChessBase"]
[SourceDate "2010.11.25"]
[SourceVersion "1"]
[SourceVersionDate "2010.11.25"]
[SourceQuality "1"]

1. e4 c5 2. Nf3 Nc6 3. d4 cxd4 4. Nxd4 Nf6 5. Nc3 e5 6. Ndb5 d6 7. Bg5 a6 8. Na3 b5 9. Bxf6 gxf6 10. Nd5 Bg7 11. Bd3 Ne7 12. Nxe7 Qxe7 13. c4 b4 14. Qa4+ Bd7 15. Qxb4 0-0 16. 0-0 f5 17. Rfd1 Rab8 18. Qd2 Rb6 19. Rab1 Rfb8 20. b4 Qh4 21. c5 Rc6 22. b5 Rxc5 23. bxa6 Ra8 24. Bf1 Bf8 25. exf5 Bxf5 26. Rb4 Qd8 27. Qb2 Rc6 28. Rd5 Qc8 29. Rd1 d5 30. Rh4 d4 31. Qb3 Be6 32. Qg3+ Kh8 33. Qxe5+ Bg7 34. Qb5 Rc1 35. Qe2 Rxd1 36. Qxd1 Qc5 37. Nc2 Bxa2 38. Qh5 Qxh5 39. Rxh5 Rd8 40. Bd3 Bb1 1-0

[Event "GER-ch U18 Girls"]
[Site "Willingen"]
[Date "2009.06.02"]
[Round "4"]
[White "Hannes, Diana"]
[Black "Breitwieser, Jasmin"]
[Result "1-0"]
[WhiteElo "2061"]
[BlackElo "1874"]
[PlyCount "117"]
[EventDate "2009.05.30"]
[EventType "swiss"]
[EventRounds "9"]
[EventCountry "GER"]
[SourceTitle "CBM 130 Extra"]
[Source "ChessBase"]
[SourceDate "2009.07.02"]
[SourceVersion "2"]
[SourceVersionDate "2009.07.15"]
[SourceQuality "1"]

1. e4 c5 2. Nf3 e6 3. b3 Nc6 4. Bb2 Nf6 5. e5 Nd5 6. Bb5 Be7 7. 0-0 0-0 8. Bxc6 bxc6 9. c4 Nf4 10. d4 f6 11. dxc5 fxe5 12. Nc3 Bxc5 13. Ne4 Be7 14. Nxe5 Qc7 15. Nd3 d6 16. Nxf4 Rxf4 17. Qd3 e5 18. Rad1 Bf5 19. f3 Rd8 20. Qe2 Be6 21. Rfe1 Kh8 22. Nf2 Qa5 23. Ba1 Rf5 24. Nd3 Rg5 25. f4 Bg4 26. Qd2 Qxd2 27. Rxd2 Rg6 28. Bc3 Bh4 29. g3 Bf5 30. fxe5 Bg5 31. Rdd1 Bg4 32. Ra1 d5 33. cxd5 cxd5 34. Bd4 Bd2 35. Rf1 a5 36. Nf4 Bxf4 37. Rxf4 Be6 38. Raf1 Kg8 39. Bb6 Rc8 40. Bxa5 h5 41. Bb4 Kh7 42. Bd6 Bg4 43. Rd4 Rc2 44. Rf2 Rc1+ 45. Kg2 h4 46. Rff4 h3+ 47. Kf2 Rc2+ 48. Ke1 Be6 49. Rf2 Rc1+ 50. Kd2 Rh1 51. a4 Kg8 52. a5 Rxh2 53. Rxh2 Rxg3 54. Rd3 Rxd3+ 55. Kxd3 Bc8 56. Kd4 g5 57. Bb4 g4 58. Be1 Bb7 59. b4 1-0